书目信息 |
| 题名: |
房地产开发企业会计
|
|
| 作者: | 方芳 , 何昌贵 , 孙晓阳 编著 | |
| 分册: | ||
| 出版信息: | 上海 上海财经大学出版社 2004.9 |
|
| 页数: | 380页 | |
| 开本: | 21cm | |
| 丛书名: | 新世纪高校工程管理专业系列教材 | |
| 单 册: | ||
| 中图分类: | F293.33-43 | |
| 科图分类: | F293.33 | |
| 主题词: | 房地产业--fang di chan ye--会计--高等学校--教材 , 房地产业--fang di chan ye , 会计--kuai ji | |
| 电子资源: | ||
| ISBN: | 7-81098-226-5 | |
| 000 | 01136cam2 2200313 450 | |
| 001 | 012005050663 | |
| 005 | 20051110101010.1 | |
| 010 | @a7-81098-226-5@dCNY19.00 | |
| 100 | @a20050716d2004 em y0chiy0121 ea | |
| 101 | 0 | @achi |
| 102 | @aCN@b310000 | |
| 105 | @ak zq 000yy | |
| 200 | 1 | @a房地产开发企业会计@Afang di chan kai fa qi ye kuai ji@f方芳,何昌贵,孙晓阳编著 |
| 210 | @a上海@c上海财经大学出版社@d2004.9 | |
| 215 | @a380页@d21cm | |
| 225 | 2 | @a新世纪高校工程管理专业系列教材@Axin shi ji gao xiao gong cheng guan li zhuan ye xi lie jiao cai |
| 330 | @a本书内容主要包括:房地产开发企业会计总论;货币资金的核算;房地产开发应收及预付款项的核算;固定资产的核算等。 | |
| 461 | 0 | @12001 @a新世纪高校工程管理专业系列教材 |
| 606 | 0 | @a房地产业@Afang di chan ye@x会计@x高等学校@j教材 |
| 606 | 0 | @a房地产业@Afang di chan ye |
| 606 | 0 | @a会计@Akuai ji |
| 690 | @aF293.33-43@v4 | |
| 692 | @aF293.33 | |
| 701 | 0 | @a方芳@Afang fang@4编著 |
| 701 | 0 | @a何昌贵@Ahe chang gui@4编著 |
| 701 | 0 | @a孙晓阳@Asun xiao yang@4编著 |
| 801 | 0 | @aCN@bSRXX@c20041125 |
| 801 | 2 | @aCN@bSRXX@c20051110 |
| 905 | @a10447@dF293.33@eF192 | |
| 房地产开发企业会计/方芳,何昌贵,孙晓阳编著.-上海:上海财经大学出版社,2004.9 |
| 380页;21cm.-(新世纪高校工程管理专业系列教材) |
| ISBN 7-81098-226-5:CNY19.00 |
| 本书内容主要包括:房地产开发企业会计总论;货币资金的核算;房地产开发应收及预付款项的核算;固定资产的核算等。 |
| ● |
| 相关链接 |
|
|
|
正题名:房地产开发企业会计
索取号:F293.33/F192
 
预约/预借
| 序号 | 登录号 | 条形码 | 馆藏地/架位号 | 状态 | 备注 |
| 1 | 543351 | 205433510 | 社科库409/409社科库 104排2列1层/ [索取号:F293.33/F192] | 在馆 | |
| 2 | 543352 | 205433529 | 社科库409/409社科库 104排2列1层/ [索取号:F293.33/F192] | 在馆 | |
| 3 | 543353 | 205433538 | 社科库409/409社科库 104排2列1层/ [索取号:F293.33/F192] | 在馆 |